Catalog

Record Details

Catalog Search



Record details

  • ISBN: 9780061996207 (hardback)
  • ISBN: 0061996203 (hardback)
  • Physical Description: 438 pages ; 22 cm.
  • Edition: First edition.
  • Publisher: New York, NY : HarperTeen, 2013.

Content descriptions

Summary, etc.:
"As the battle against the Black Wings and Their ... Read More
Subject: Angels > Fiction.
Supernatural > Fiction.
High schools > Fiction.
Schools > Fiction.
Family life > Wyoming > Fiction.
Jackson (Wyo.) > Fiction.
JUVENILE FICTION / Love & Romance.
JUVENILE FICTION / Fantasy & Magic.
JUVENILE FICTION / Social Issues / Adolescence.
Angels > Fiction.
Supernatural > Fiction.
High schools > Fiction.
Schools > Fiction.
Family life > Wyoming > Fiction.
Jackson (Wyo.) > Fiction.
Genre: Paranormal fiction.
Young adult fiction.
LDR 02277cam a22005898i 4500
001149493
003LARL_NWRL_CONSORTIUM
00520130130102950.0
008121129s2013 nyu d 000 1 eng
020 . ‡a9780061996207 (hardback)
020 . ‡a0061996203 (hardback)
035 . ‡a(OCoLC)795757836
042 . ‡apcc ‡alcac
08200. ‡a[Fic] ‡223
084 . ‡aJUV026000 ‡aJUV037000 ‡aJUV039020 ‡2bisacsh
1001 . ‡aHand, Cynthia, ‡d1978- ‡0(LARL_NWRL_CONSORTIUM)220926
24510. ‡aBoundless ‡n#3: ‡ban Unearthly novel / ‡cCynthia Hand.
250 . ‡aFirst edition.
260 . ‡aNew York, NY : ‡bHarperTeen, ‡c2013.
300 . ‡a438 pages ; ‡c22 cm.
336 . ‡atext ‡2rdacontent
337 . ‡aunmediated ‡2rdamedia
338 . ‡avolume ‡2rdacarrier
4900 . ‡aUnearthly; ‡v3
520 . ‡a"As the battle against the Black Wings and Their minions looms on the horizon, part-angel Clara Gardner is finally ready to fulfill her destiny, even though she knows she may have to make the ultimate sacrifice"-- ‡cProvided by publisher.
650 1. ‡aAngels ‡vFiction. ‡0(LARL_NWRL_CONSORTIUM)163430
650 1. ‡aSupernatural ‡vFiction. ‡0(LARL_NWRL_CONSORTIUM)167353
650 1. ‡aHigh schools ‡vFiction. ‡0(LARL_NWRL_CONSORTIUM)169592
650 1. ‡aSchools ‡vFiction. ‡0(LARL_NWRL_CONSORTIUM)167222
650 1. ‡aFamily life ‡zWyoming ‡vFiction.
651 1. ‡aJackson (Wyo.) ‡vFiction.
650 7. ‡aJUVENILE FICTION / Love & Romance. ‡2bisacsh
650 7. ‡aJUVENILE FICTION / Fantasy & Magic. ‡2bisacsh
650 7. ‡aJUVENILE FICTION / Social Issues / Adolescence. ‡2bisacsh
650 0. ‡aAngels ‡vFiction. ‡0(LARL_NWRL_CONSORTIUM)163430
650 0. ‡aSupernatural ‡vFiction. ‡0(LARL_NWRL_CONSORTIUM)167353
650 0. ‡aHigh schools ‡vFiction. ‡0(LARL_NWRL_CONSORTIUM)169592
650 0. ‡aSchools ‡vFiction. ‡0(LARL_NWRL_CONSORTIUM)167222
650 0. ‡aFamily life ‡zWyoming ‡vFiction.
651 0. ‡aJackson (Wyo.) ‡vFiction.
655 0. ‡aParanormal fiction.
655 0. ‡aYoung adult fiction.
901 . ‡a149493 ‡bOCLC ‡c149493 ‡tbiblio

Additional Resources